000 00447cam a2200181ua 4500
020 _c1.50
041 _ahin
_h
082 _a891.43
_bRAG/BA
100 _aRaghunandan, Miishra .
245 _aBal -Ramayan /
_cRaghunandan Mishra.
_hTextual Documents
250 _a1 /
_b.
260 _aVaranasi :
_bHindi Pracharak Pusthakalayam ,
_c1966.
300 _a166 ; .
365 _a1.50
504 _a
942 _cBK
999 _c12192
_d12192